Exchange rate stabilization and IMF high interest rate policy: a critical reconsideration using a dynamic model (Record no. 43117)

000 -LEADER
fixed length control field 00453pab a2200157 454500
008 - FIXED-LENGTH DATA ELEMENTS--GENERAL INFORMATION
fixed length control field 180718b1999 xxu||||| |||| 00| 0 eng d
100 ## - MAIN ENTRY--PERSONAL NAME
Personal name Kunimune, Kozo
245 ## - TITLE STATEMENT
Title Exchange rate stabilization and IMF high interest rate policy: a critical reconsideration using a dynamic model
260 ## - PUBLICATION, DISTRIBUTION, ETC.
Date of publication, distribution, etc. 1999
300 ## - PHYSICAL DESCRIPTION
Extent p.337-54
362 ## - DATES OF PUBLICATION AND/OR SEQUENTIAL DESIGNATION
Dates of publication and/or sequential designation Sep
650 ## - SUBJECT ADDED ENTRY--TOPICAL TERM
Topical term or geographic name entry element Interest rates
650 ## - SUBJECT ADDED ENTRY--TOPICAL TERM
Topical term or geographic name entry element Exchange rates
773 ## - HOST ITEM ENTRY
Main entry heading Developing Economies
909 ## -
-- 43117
Holdings
Withdrawn status Lost status Damaged status Not for loan Permanent Location Current Location Date acquired Serial Enumeration / chronology Barcode Date last seen Price effective from Koha item type
        Indian Institute of Public Administration Indian Institute of Public Administration 2018-07-19 Volume no: 37, Issue no: 3 AR43507 2018-07-19 2018-07-19 Articles

Powered by Koha